00391nam a2200121Ia 4500008004100000245012800041260001700169260000900186300000900195650002300204650001200227856003000239170516s9999 xx 000 0 und d aPhotostimulable Near-Infrared Persistent Luminescent Nanoprobes for Ultrasensitive and Longitudinal Deep-Tissue Bio-Imaging bTheranostics c2014 a4:11 xMedical Technology xMedtech uhttp://www.thno.org/v4i11